000
00283nam a2200145Ia 4500
100
_a
I.T.B
942
_c
BK
654
_a
Jig Boring
245
_a
Jig Boring
260
_b
Engg.Industry
_a
England
_c
1971
082
_a
621
_b
ITB
300
_a
120
546
_a
ENGLISH
999
_c
32030
_d
32030